Els Picassos del Mas Manolo a Caldes de Montbui : desembre-gener 1981-1982 desembre-gener 1981-1982
Publicado:
Barcelona :
Diputació de Barcelona : Ajuntament de Caldes de Montbui : Patronat Mas Manolo, DL 1981
Descripción Física:
23 p. : il. ; 24 cm
Otros Autores:
Patronat Mas Manolo (Caldes de Montbui)
Materias:
Picasso, Pablo -- Exposicions
MARC
| LEADER | 00000nam a2200000Ia 4500 | ||
|---|---|---|---|
| 001 | 2071 | ||
| 008 | 160829s9999 xx 000 0 cat d | ||
| 080 | |a FU-6-18 | ||
| 245 | |a Els Picassos del Mas Manolo a Caldes de Montbui : |b desembre-gener 1981-1982 | ||
| 260 | |a Barcelona : |b Diputació de Barcelona : |b Ajuntament de Caldes de Montbui : |b Patronat Mas Manolo, DL 1981 | ||
| 300 | |a 23 p. : |b il. ; |c 24 cm | ||
| 590 | |a Catàleg de l'exposició. | ||
| 590 | |a A peu de portada: Centenari de Pablo R. Picasso. | ||
| 590 | |a Hi ha un duplicat: R. 9942, DUP-21-26 | ||
| 650 | |a Picasso, Pablo |x Exposicions |9 37012 | ||
| 700 | |a Patronat Mas Manolo (Caldes de Montbui) |9 36757 | ||
| 710 | 1 | |a Barcelona (Catalunya). |b Ajuntament |9 50981 | |
| 710 | 1 | |a Caldes de Montbui (Catalunya). |b Ajuntament |9 53534 | |
| 710 | 1 | |a Barcelona (Catalunya : Província). |b Diputació |9 52408 | |
| 901 | |a Arxiu | ||
| 942 | |n 1 | ||
| 952 | |0 0 |1 0 |4 0 |6 FU618 |7 1 |9 47604 |a Arxiu |b Arxiu |d 2016-12-01 |l 0 |o FU-6-18 |p 2071 |r 2016-12-01 00:00:00 |w 2016-12-01 |y ARXIU | ||
| 999 | |c 51403 |d 51403 | ||